000
00309nam a22001097a 4500
008
150827b xxu||||| |||| 00| 0 eng d
020
_a
0870232010
082
_a
324.273 HUC
100
_a
HUCKSHORN,ROBERT.J
245
_a
PARTY LEADERSHIP IN THE STATES
260
_a
NEW YORK
_b
UNIVERSITY OF MASSACHUSETTS PRESS
_c
1976
999
_c
1233
_d
1233